Schumann
-д хадгалсан:
| Үндсэн зохиолч: | |
|---|---|
| Формат: | Ном |
| Хэл сонгох: | франц |
| Хэвлэсэн: |
París
Classiques Hachette
1972
|
| Цуврал: | Classiques Hachette de la Musique
|
| Нөхцлүүд: | |
| Шошгууд: |
Шошго нэмэх
Шошго байхгүй, Энэхүү баримтыг шошголох эхний хүн болох!
|
MARC
| LEADER | 00000nam a2200000 a 4500 | ||
|---|---|---|---|
| 001 | UCN2228 | ||
| 003 | CL-VaPUC | ||
| 008 | 010511e19720000FR |||||||||||||||||fre|d | ||
| 082 | 0 | 4 | |a 780.92 |b GAL |2 21 |
| 100 | |a Gallois, Jean |e author |9 457988 | ||
| 245 | 1 | 0 | |a Schumann |
| 300 | |a 93 p | ||
| 942 | |c BK | ||
| 945 | |d 20010511 00:00:00 |a crobeson | ||
| 260 | |a París |b Classiques Hachette |c 1972 | ||
| 600 | 0 | |a Schumann, Robert, |e 1810-1856 |9 352841 | |
| 650 | 0 | |a Compositores alemanes |9 324765 | |
| 650 | 0 | |a Romanticismo en la música |9 306753 | |
| 650 | 7 | |a MUSICA SIGLO 19 |2 CL-VaPUC |9 457989 | |
| 583 | |a last modification |c 20010511 00:00:00 |k Rodrigo Vera | ||
| 490 | 0 | |a Classiques Hachette de la Musique | |
| 999 | |c 295386 |d 295384 | ||
| 952 | |0 0 |1 0 |4 0 |6 780_920000000000000_GAL_1972 |7 0 |8 A |9 348382 |a BIBEDU |b BIBEDU |d 2019-11-20 |i 1182471 |o 780.92 GAL 1972 |p 1182471 |r 2023-01-12 |w 2019-11-20 |y BK |k MUS | ||